| 000 | 00679nam a22002417a 4500 | ||
|---|---|---|---|
| 003 | NUST | ||
| 005 | 20220308121758.0 | ||
| 008 | 220308b ||||| |||| 00| 0 eng d | ||
| 020 | _a0671581104(pbk) | ||
| 022 | _2978-0671581107 | ||
| 038 | _aSAIF | ||
| 082 |
_a100 _bDUR |
||
| 100 |
_aDurant, Will. _990484 |
||
| 245 |
_aThe Pleasures of philosophy: _bAn attempt at consistent philosophy of life |
||
| 260 |
_aNew York: _bSimon and Schuster, _c1981. |
||
| 300 | _a446p. | ||
| 526 |
_a0 _b0 _c0 _d128_000000000000000_DUR |
||
| 563 | _aH.B | ||
| 650 |
_aMan (Theology). _990485 |
||
| 650 |
_aSCEE _990486 |
||
| 650 |
_aPhilosophical Anthropology. _990487 |
||
| 942 |
_2ddc _cBK |
||
| 999 |
_c588683 _d588683 |
||